[Event "GX Alekhine Open de Outono semi-rápidas"]
[Site "Lisboa, Portugal"]
[Date "????.??.??"]
[Round "6.1"]
[White "Silva, Lourenco Santa Clara Costa Rebelo Da"]
[Black "Ferreira, Vasco Capitao Mendes"]
[Result "0-1"]
[WhiteElo "1709"]
[BlackElo "1401"]
[PlyCount "68"]

{[%evp 0,68,32,17,32,32,32,33,39,28,14,-7,2,20,35,33,41,32,19,8,17,4,7,12,10,3,3,-2,11,15,17,-5,0,-15,1,-14,-28,-18,-23,-67,-25,-6,38,45,72,53,73,74,145,98,320,125,320,322,315,393,464,487,492,506,829,861,861,-29983,-29984,-29985,-29986,-29993,-29994,-29999,-30000]} 1. e4 {[%emt 0:00:03]} e6 {[%emt 0:00:01]} 2. d4 {[%emt 0:00:06]} d5 {[%emt 0:00:01]} 3. Nc3 {[%emt 0:00:01]} Nf6 {[%emt 0:00:02]} 4. e5 {[%emt 0:00:02]} Nfd7 {[%emt 0:00:01]} 5. f4 {[%emt 0:00:05]} c5 {[%emt 0:00:02]} 6. Nf3 {[%emt 0:00:01]} Nc6 {[%emt 0:00:03]} 7. Be3 {[%emt 0:00:02]} Be7 {[%emt 0:00:15]} 8. Qd2 {[%emt 0:00:11]} a6 {[%emt 0:00:07]} 9. dxc5 {[%emt 0:00:15]} Bxc5 {[%emt 0:00:30]} 10. O-O-O {[%emt 0:00:32]} b5 {[%emt 0:00:51]} 11. Kb1 {[%emt 0:00:45]} Qb6 {[%emt 0:00:30]} 12. Bxc5 {[%emt 0:00:10]} Nxc5 {[%emt 0:00:09]} 13. Bd3 {[%emt 0:01:43]} b4 {[%emt 0:00:45]} 14. Ne2 {[%emt 0:00:08]} a5 {[%emt 0:00:45]} 15. g4 {[%emt 0:00:40]} a4 {[%emt 0:00:40]} 16. Ned4 {[%emt 0:02:58]} b3 {[%emt 0:01:30]} 17. a3 {[%emt 0:00:54]} Nxd3 {[%emt 0:01:02]} 18. Qxd3 {[%emt 0:00:03]} Ba6 {[%emt 0:00:48]} 19. Qd2 {[%emt 0:00:22]} Nxd4 {[%emt 0:00:22]} 20. Nxd4 {[%emt 0:00:38]} Bc4 {[%emt 0:01:52]} 21. c3 {[%emt 0:00:12]} Qa6 {[%emt 0:02:01]} 22. f5 {[%emt 0:00:13]} Rc8 {[%emt 0:01:38]} 23. h4 {[%emt 0:01:40]} Bb5 {[%emt 0:02:20]} 24. Rh3 {[%emt 0:01:00]} Rc5 {[%emt 0:01:00]} 25. Rf3 {[%emt 0:03:07]} Rc4 {[%emt 0:01:30]} 26. Qg5 {[%emt 0:00:33]} Rxd4 {[%emt 0:04:32]} 27. Rxd4 {[%emt 0:00:15]} Be2 {[%emt 0:00:02]} 28. Rf2 {[%emt 0:01:12]} Bd3+ {[%emt 0:01:00]} 29. Ka1 {[%emt 0:00:16]} Be4 {[%emt 0:02:31]} 30. Qxg7 {[%emt 0:00:13]} Rf8 {[%emt 0:00:01]} 31. Rb4 {[%emt 0:00:37]} Qd3 {[%emt 0:00:46]} 32. Rb8+ {[%emt 0:02:13]} Kd7 {[%emt 0:00:02]} 33. fxe6+ {[%emt 0:00:14]} Kc6 {[%emt 0:00:39]} 34. Qxf8 {[%emt 0:07:00]} Qb1# {[%emt 0:00:05]} 0-1

[Event "GX Alekhine Open de Outono semi-rápidas"]
[Site "Lisboa, Portugal"]
[Date "????.??.??"]
[Round "6.2"]
[White "Prazeres, Joao Pires De Azevedo Teixeira Dos"]
[Black "Teixeira, Rafael Ikhouane Santos"]
[Result "0-1"]
[WhiteElo "1545"]
[BlackElo "1416"]
[PlyCount "100"]

{[%evp 0,100,26,18,54,48,54,22,25,33,42,42,0,8,13,-2,5,38,89,67,104,83,83,50,67,39,34,42,99,82,63,62,54,67,67,73,73,74,136,109,166,136,145,41,274,246,246,264,196,319,329,312,291,148,181,160,161,161,200,192,182,182,202,209,225,221,230,230,239,174,171,113,109,118,113,107,108,122,156,38,46,38,43,35,33,33,35,37,133,0,0,-651,0,0,151,-1273,-597,-629,-655,-848,-1059,-1430,-1470]} 1. e4 {[%emt 0:00:03]} c5 {[%emt 0:00:39]} 2. Nf3 {[%emt 0:00:02]} Nc6 {[%emt 0:00:07]} 3. d4 {[%emt 0:00:04]} cxd4 {[%emt 0:00:04]} 4. Nxd4 {[%emt 0:00:02]} e5 {[%emt 0:00:03]} 5. Nb5 {[%emt 0:00:44]} d6 {[%emt 0:00:03]} 6. N1c3 {[%emt 0:00:45]} a6 {[%emt 0:00:03]} 7. Na3 {[%emt 0:00:01]} b5 {[%emt 0:00:02]} 8. Nd5 {[%emt 0:00:01]} Be6 {[%emt 0:00:02]} 9. c4 {[%emt 0:00:15]} b4 {[%emt 0:00:24]} 10. Nc2 a5 {[%emt 0:00:01]} 11. Nce3 {[%emt 0:00:42]} Nge7 {[%emt 0:00:22]} 12. Be2 {[%emt 0:00:04]} Nd4 {[%emt 0:00:16]} 13. O-O {[%emt 0:00:44]} Ng6 {[%emt 0:01:06]} 14. b3 {[%emt 0:04:04]} Be7 {[%emt 0:00:18]} 15. Bb2 {[%emt 0:00:12]} Nxe2+ {[%emt 0:00:07]} 16. Qxe2 {[%emt 0:00:02]} Bg5 {[%emt 0:00:26]} 17. Rfd1 {[%emt 0:00:42]} O-O {[%emt 0:00:18]} 18. a3 {[%emt 0:00:52]} Bf4 {[%emt 0:01:32]} 19. g3 {[%emt 0:00:50]} Qg5 {[%emt 0:00:50]} 20. Ng2 {[%emt 0:01:28]} Bh3 {[%emt 0:00:35]} 21. Bc1 {[%emt 0:02:25]} f5 {[%emt 0:04:34]} 22. Ndxf4 {[%emt 0:01:13]} exf4 {[%emt 0:00:25]} 23. Bxf4 {[%emt 0:00:41]} Nxf4 {[%emt 0:01:00]} 24. Nxf4 {[%emt 0:00:03]} Qh6 {[%emt 0:00:09]} 25. Nxh3 {[%emt 0:01:43]} Qxh3 {[%emt 0:00:03]} 26. exf5 {[%emt 0:00:12]} Qxf5 {[%emt 0:00:07]} 27. Rxd6 {[%emt 0:00:17]} Rae8 {[%emt 0:00:04]} 28. Qd2 {[%emt 0:00:19]} Qf3 {[%emt 0:01:11]} 29. Rd3 {[%emt 0:01:13]} Qg4 {[%emt 0:00:26]} 30. Re3 {[%emt 0:01:49]} Rd8 {[%emt 0:00:14]} 31. Qe2 {[%emt 0:00:07]} Qd4 {[%emt 0:00:05]} 32. Ra2 {[%emt 0:00:31]} Rd7 {[%emt 0:04:03]} 33. axb4 {[%emt 0:00:19]} axb4 {[%emt 0:00:21]} 34. Ra6 {[%emt 0:01:41]} Rdf7 35. Re8 {[%emt 0:06:40]} Rxf2 {[%emt 0:00:14]} 36. Rxf8+ {[%emt 0:00:03]} Rxf8+ {[%emt 0:00:05]} 37. Kg2 {[%emt 0:00:07]} Qc3 {[%emt 0:01:15]} 38. Qd1 {[%emt 0:03:01]} Qe3 {[%emt 0:00:40]} 39. Rd6 {[%emt 0:00:36]} Qe4+ {[%emt 0:00:27]} 40. Kh3 {[%emt 0:00:19]} Qf5+ {[%emt 0:00:28]} 41. Qg4 {[%emt 0:00:03]} Qf1+ {[%emt 0:00:06]} 42. Kh4 {[%emt 0:00:01]} Qf2 {[%emt 0:00:28]} 43. h3 {[%emt 0:00:14]} h6 {[%emt 0:00:38]} 44. Qe6+ {[%emt 0:00:35]} Kh8 {[%emt 0:00:15]} 45. Qg6 {[%emt 0:00:11]} Qc5 {[%emt 0:01:06]} 46. Rd7 {[%emt 0:00:30]} Qe5 {[%emt 0:00:42]} 47. Rf7 {[%emt 0:00:03]} Qg5+ {[%emt 0:00:21]} 48. Qxg5 {[%emt 0:00:11]} hxg5+ {[%emt 0:00:02]} 49. Kxg5 {[%emt 0:00:01]} Rxf7 {[%emt 0:00:01]} 50. h4 {[%emt 0:00:03]} Rf3 {[%emt 0:00:03]} 0-1

[Event "GX Alekhine Open de Outono semi-rápidas"]
[Site "Lisboa, Portugal"]
[Date "????.??.??"]
[Round "6.3"]
[White "Morais, Vitor Mestre"]
[Black "Marques, Miguel Alexandre Gomes"]
[Result "1-0"]
[WhiteElo "1772"]
[BlackElo "1454"]
[PlyCount "67"]

1. b3 e5 {[%emt 0:00:19]} 2. Bb2 {[%emt 0:00:03]} Nc6 {[%emt 0:00:04]} 3. e3 {[%emt 0:00:01]} a6 {[%emt 0:00:02]} 4. Nf3 {[%emt 0:00:03]} e4 {[%emt 0:00:19]} 5. Ng1 d5 {[%emt 0:00:34]} 6. f4 {[%emt 0:00:07]} Bg4 {[%emt 0:00:23]} 7. Qxg4 {[%emt 0:00:10]} Nf6 {[%emt 0:00:08]} 8. Qh3 {[%emt 0:00:16]} Bd6 {[%emt 0:00:45]} 9. Ne2 {[%emt 0:00:30]} Nb4 {[%emt 0:00:42]} 10. Na3 {[%emt 0:00:01]} c5 {[%emt 0:00:35]} 11. Ng3 {[%emt 0:00:02]} d4 {[%emt 0:01:11]} 12. Nf5 {[%emt 0:00:10]} g6 {[%emt 0:02:36]} 13. Nxd6+ {[%emt 0:01:29]} Qxd6 {[%emt 0:00:03]} 14. O-O-O {[%emt 0:00:06]} Nxa2+ {[%emt 0:00:40]} 15. Kb1 Nb4 {[%emt 0:00:09]} 16. Nc4 {[%emt 0:00:10]} Qc7 {[%emt 0:00:31]} 17. exd4 {[%emt 0:00:18]} cxd4 {[%emt 0:00:22]} 18. Bxd4 {[%emt 0:00:02]} b5 {[%emt 0:00:42]} 19. Bxf6 {[%emt 0:00:02]} bxc4 {[%emt 0:00:14]} 20. Bxc4 Qa5 {[%emt 0:02:10]} 21. Qc3 {[%emt 0:00:20]} Qa2+ {[%emt 0:02:26]} 22. Kc1 Qa3+ {[%emt 0:00:17]} 23. Qb2 {[%emt 0:00:01]} Qxb2+ {[%emt 0:00:26]} 24. Kxb2 {[%emt 0:00:05]} O-O {[%emt 0:00:37]} 25. h4 {[%emt 0:00:10]} Nc6 {[%emt 0:01:37]} 26. h5 {[%emt 0:00:02]} Na5 {[%emt 0:01:16]} 27. Bd5 Rad8 {[%emt 0:00:25]} 28. Bxd8 {[%emt 0:00:07]} Rxd8 {[%emt 0:00:02]} 29. Bxe4 {[%emt 0:00:13]} f5 {[%emt 0:00:24]} 30. Bd3 {[%emt 0:00:06]} Rd6 {[%emt 0:00:26]} 31. hxg6 {[%emt 0:00:02]} hxg6 {[%emt 0:00:05]} 32. Rh6 {[%emt 0:00:05]} Kg7 {[%emt 0:00:29]} 33. Rdh1 {[%emt 0:00:01]} Kf6 {[%emt 0:00:41]} 34. g4 {[%emt 0:00:21]} 1-0

[Event "GX Alekhine Open de Outono semi-rápidas"]
[Site "Lisboa, Portugal"]
[Date "????.??.??"]
[Round "6.4"]
[White "Costa, Guilherme Henriques Bandeira"]
[Black "Ferreira, Rafael Henrique Puryrycheva"]
[Result "1-0"]
[WhiteElo "1540"]
[BlackElo "1224"]
[PlyCount "149"]

1. e4 {[%emt 0:00:01]} c6 {[%emt 0:00:19]} 2. d4 {[%emt 0:00:02]} d5 {[%emt 0:00:02]} 3. e5 {[%emt 0:00:02]} Bf5 {[%emt 0:00:06]} 4. c4 {[%emt 0:00:02]} e6 {[%emt 0:00:13]} 5. Nf3 {[%emt 0:00:05]} Ne7 {[%emt 0:01:48]} 6. Nc3 {[%emt 0:00:03]} Ng6 {[%emt 0:00:43]} 7. cxd5 {[%emt 0:00:16]} cxd5 {[%emt 0:00:19]} 8. Qb3 {[%emt 0:00:03]} Qc7 {[%emt 0:02:08]} 9. Bb5+ {[%emt 0:00:12]} Nc6 {[%emt 0:00:30]} 10. O-O {[%emt 0:00:07]} a6 {[%emt 0:00:10]} 11. Be2 {[%emt 0:00:03]} Be7 {[%emt 0:00:39]} 12. Be3 {[%emt 0:00:03]} O-O {[%emt 0:00:12]} 13. Rac1 {[%emt 0:00:15]} Qd7 {[%emt 0:00:44]} 14. Rfd1 {[%emt 0:00:18]} Rac8 {[%emt 0:00:53]} 15. Ng5 {[%emt 0:00:02]} h6 {[%emt 0:00:42]} 16. Nf3 {[%emt 0:00:03]} Rfe8 {[%emt 0:01:00]} 17. a3 {[%emt 0:00:17]} Na5 {[%emt 0:01:30]} 18. Qa2 {[%emt 0:00:18]} Nc4 {[%emt 0:00:20]} 19. h3 {[%emt 0:01:03]} Nxe3 {[%emt 0:00:51]} 20. fxe3 {[%emt 0:01:22]} Bg5 {[%emt 0:00:13]} 21. Nxg5 {[%emt 0:00:47]} hxg5 {[%emt 0:00:03]} 22. Bf3 {[%emt 0:00:10]} Nh4 23. Be2 {[%emt 0:01:45]} Bh7 24. Bg4 Bf5 25. Ne2 Bxg4 26. hxg4 Rxc1 27. Rxc1 Rc8 28. Qb1 Rc6 29. Qd3 Qc7 30. Rxc6 Qxc6 31. Qc3 Ng6 {[%emt 0:10:29]} 32. Qxc6 {[%emt 0:00:14]} bxc6 {[%emt 0:00:04]} 33. Nc3 {[%emt 0:00:02]} Ne7 {[%emt 0:00:37]} 34. Na4 {[%emt 0:00:07]} Nc8 {[%emt 0:01:32]} 35. b4 {[%emt 0:00:02]} Na7 {[%emt 0:00:45]} 36. Nc5 {[%emt 0:00:13]} Nb5 {[%emt 0:00:54]} 37. a4 {[%emt 0:00:02]} Nc7 {[%emt 0:00:08]} 38. Nd7 {[%emt 0:00:18]} Ne8 {[%emt 0:00:57]} 39. Nb8 {[%emt 0:00:12]} Nc7 {[%emt 0:01:08]} 40. Nxc6 {[%emt 0:00:05]} Kf8 {[%emt 0:00:18]} 41. Kf2 {[%emt 0:02:30]} Ke8 {[%emt 0:00:12]} 42. Ke2 {[%emt 0:00:09]} Kd7 {[%emt 0:00:31]} 43. Na5 {[%emt 0:00:02]} Na8 {[%emt 0:00:23]} 44. Nb3 {[%emt 0:00:03]} Kc6 {[%emt 0:00:44]} 45. Nc5 {[%emt 0:00:19]} Nc7 {[%emt 0:00:12]} 46. Kd3 {[%emt 0:00:15]} Kb6 {[%emt 0:00:44]} 47. Nd7+ {[%emt 0:00:59]} Kc6 {[%emt 0:00:23]} 48. Nf8 f6 {[%emt 0:00:32]} 49. Ng6 {[%emt 0:02:05]} Kb6 {[%emt 0:00:22]} 50. Ne7 {[%emt 0:00:33]} a5 {[%emt 0:00:13]} 51. b5 {[%emt 0:00:02]} Kb7 {[%emt 0:00:10]} 52. Nc6 {[%emt 0:00:09]} Kb6 {[%emt 0:00:05]} 53. Nd8 {[%emt 0:00:16]} Ka7 {[%emt 0:00:15]} 54. e4 {[%emt 0:00:13]} Kb6 {[%emt 0:00:08]} 55. exd5 {[%emt 0:00:12]} Nxd5 {[%emt 0:00:04]} 56. Nxe6 {[%emt 0:00:04]} Nf4+ {[%emt 0:00:09]} 57. Ke4 {[%emt 0:00:02]} Nxe6 {[%emt 0:00:03]} 58. exf6 {[%emt 0:00:14]} gxf6 {[%emt 0:00:02]} 59. Kf5 {[%emt 0:00:02]} Nxd4+ {[%emt 0:00:08]} 60. Kxf6 {[%emt 0:00:02]} Nc2 {[%emt 0:00:24]} 61. Kxg5 {[%emt 0:00:03]} Ne3 {[%emt 0:00:02]} 62. Kh5 Nxg2 63. g5 Nf4+ 64. Kh6 Ne6 65. g6 Kc5 66. g7 Nxg7 67. Kxg7 Kb6 68. Kf6 Kc5 69. Ke6 Kb6 {[%emt 0:00:08]} 70. Kf6 {[%emt 0:01:13]} Kc5 {[%emt 0:00:06]} 71. Ke5 {[%emt 0:00:02]} Kb6 {[%emt 0:00:08]} 72. Kd6 {[%emt 0:00:02]} Kb7 {[%emt 0:00:13]} 73. Kc5 {[%emt 0:00:02]} Kc7 {[%emt 0:00:04]} 74. b6+ {[%emt 0:00:02]} Kb7 {[%emt 0:00:03]} 75. Kb5 {[%emt 0:00:01]} 1-0